01038nam a22002417a 4500003001700000005001700017008004100034022001800075040000700093041001200100082001700112100003200129245005000161250000600211260002500217300002400242365005000266520025200316650004700568942001200615999001900627952015000646St Aloysius Coll20251028194330.0251028b |||||||| |||| 00| 0 eng d 29789332543201 cAL aEnglish a370.15bORME aJeanne Ellis Ormrod9243061 aEducational psychologyb: developing learners a8 aNoidabPearsonc2020 a578p.bPBc25x20cm. 2Generala4226b₹656.00c₹d₹820.00e20% aCognitive and linguistic development; Personal and social development; Group differences; Learning cognition and memory; Learning and cognition in context; Behaviorist views of learning; Social cognitive views of learning; Instructional strategies 2PsychologyaEducational Psychology9243062 2ddccBK c240594d240594 00102ddc40708MSWaSACPGbSACPGd2025-10-28eBiblios Book Pointg656.00l0o370.15 ORMEpPG025107r2025-10-28 19:42:53v820.00w0000-00-00yBK